En el aire (Record no. 187047)

MARC details
000 -LEADER
campo de control de longitud fija 01050nam a2200265 i 4500
001 - NÚMERO DE CONTROL
campo de control 187047
003 - IDENTIFICADOR DE NÚMERO DE CONTROL
campo de control SpMaBN
005 - FECHA Y HORA DE LA ÚLTIMA TRANSACCIÓN
campo de control 20250901075050.0
008 - DATOS DE LONGITUD FIJA--INFORMACIÓN GENERAL
campo de control de longitud fija 170405s1999 sp aco |||| | spa d
020 ## - NÚMERO INTERNACIONAL ESTÁNDAR DEL LIBRO
Número Internacional Estándar del Libro 84-931179-0-0
080 ## - NÚMERO DE LA CLASIFICACIÓN DECIMAL UNIVERSAL
Número de la Clasificación Decimal Universal 654.19(460)(091)
245 00 - MENCIÓN DEL TÍTULO
Título En el aire
Resto del título : 75 años de radio en España /
Mención de responsabilidad, etc. [coordinación y redacción, Armand Balsebre ; Servicios de Documentación de la Cadena SER ; presentación, Jesús de Polanco].
260 ## - PUBLICACIÓN, DISTRIBUCIÓN, ETC.
Lugar de publicación, distribución, etc. [Madrid] :
Nombre del editor, distribuidor, etc. Promotora General de Revistas,
Fecha de publicación, distribución, etc. [1999]
300 ## - DESCRIPCIÓN FÍSICA
Extensión 258 p. :
Otras características físicas il. col. y n., fot., retr. ;
Dimensiones 26 x 26 cm +
Material acompañante/anejo 2 discos (CD-ROM)
500 ## - NOTA GENERAL
Nota general Guía de escucha (discos)
500 ## - NOTA GENERAL
Nota general Índice onomástico.
504 ## - NOTA DE BIBLIOGRAFÍA, ETC.
Nota de bibliografía, etc. Bibliografía: p. 258.
650 #7 - PUNTO DE ACCESO ADICIONAL DE MATERIA--TÉRMINO DE MATERIA
Término de materia o nombre geográfico como elemento de entrada Radiodifusión-
Subdivisión geográfica España.
9 (RLIN) 16668
650 #4 - PUNTO DE ACCESO ADICIONAL DE MATERIA--TÉRMINO DE MATERIA
Término de materia o nombre geográfico como elemento de entrada Programas de radio-
Subdivisión geográfica España
9 (RLIN) 16663
700 1# - ENTRADA AGREGADA--NOMBRE PERSONAL
Nombre de persona Balsebre, Armand,
Fechas asociadas al nombre 1955-
9 (RLIN) 162291
700 1# - ENTRADA AGREGADA--NOMBRE PERSONAL
Nombre de persona Polanco, Jesús de.
9 (RLIN) 92800
852 ## - LOCALIZACIÓN
Ubicación ES-MaACL
Número de control de estantería L-31368
Nota libre . - Donat. Carmen Zumárraga
852 ## - LOCALIZACIÓN
Ubicación ES-MaACL
Número de control de estantería ROT 2/7/12-13
Holdings
Estatus retirado Estado de pérdida Estado de daño No para préstamo Biblioteca de origen Biblioteca actual Ubicación en estantería Fecha de adquisición Fuente de adquisición Total de préstamos Signatura topográfica completa Código de barras Visto por última vez Precio de reemplazo Tipo de ítem Koha
        Biblioteca del Ateneo de Madrid Biblioteca del Ateneo de Madrid Depósito 05/04/2017     ROT 2/7/12-13 1197333 23/02/2023 23/02/2023 Libro impreso
        Biblioteca del Ateneo de Madrid Biblioteca del Ateneo de Madrid Depósito 2 05/04/2017     L-31368 1197332 23/02/2023 23/02/2023 Libro impreso